[Event "MCR mladeze 2014, Open A"]
[Site "Kouty nad Desnou"]
[Date "2014.03.09"]
[Round "2"]
[White "Horak, Jiri"]
[Black "Malinovsky, Petr"]
[Result "1/2-1/2"]
[WhiteElo "2150"]
[BlackElo "2008"]
[PlyCount "91"]
[EventDate "2014.??.??"]

1. e4 c5 2. c3 Nf6 3. e5 Nd5 4. d4 cxd4 5. Qxd4 e6 6. Nf3 Nc6 7. Qe4 f5 8. Qe2
Be7 9. g3 d6 10. Bg2 dxe5 11. Nxe5 Nxe5 12. Qxe5 Bf6 13. Qe2 O-O 14. O-O Qc7
15. Na3 a6 16. Qc4 Qf7 17. Rd1 Rd8 18. Nc2 b5 19. Qe2 Bb7 20. Ne3 Nb6 21. Bd2
Bxg2 22. Kxg2 Rd6 23. Be1 Rad8 24. Rxd6 Rxd6 25. b3 Qd7 26. Rd1 g6 27. Rxd6
Qxd6 28. c4 bxc4 29. Nxc4 Qd5+ 30. f3 Nd7 31. Bf2 g5 32. Qd2 Kf7 33. Qxd5 exd5
34. Nb6 Ke6 35. Kf1 g4 36. f4 Nxb6 37. Bxb6 Kd6 38. a4 Kc6 39. Bf2 Be7 40. Ke2
Bc5 41. Be1 Bg1 42. b4 h5 43. Kf1 Bd4 44. Ke2 Bg1 45. Kf1 Bd4 46. Ke2 1/2-1/2

[Event "MCR mladeze 2014, Open A"]
[Site "Kouty nad Desnou"]
[Date "2014.03.09"]
[Round "2"]
[White "Novak, Jiri"]
[Black "Vanka, Miloslav"]
[Result "0-1"]
[WhiteElo "1869"]
[BlackElo "2145"]
[PlyCount "86"]
[EventDate "2014.??.??"]

1. c4 e5 2. Nc3 Nc6 3. g3 f5 4. Bg2 Nf6 5. e3 g6 6. Nge2 Bg7 7. d3 O-O 8. a3 a5
9. b3 d6 10. Bb2 Ne7 11. Qc2 c6 12. d4 e4 13. h4 Be6 14. Nf4 Bf7 15. a4 h6 16.
O-O-O d5 17. Bf1 Qd6 18. Kb1 Rfc8 19. Ka2 Bf8 20. Be2 Rab8 21. Ba3 Qd7 22. Qd2
b6 23. cxd5 Nexd5 24. Bxf8 Rxf8 25. Bc4 b5 26. Bxd5 Nxd5 27. Ncxd5 Bxd5 28.
Nxd5 Qxd5 29. axb5 Rxb5 30. Qc3 a4 31. Rc1 Ra8 32. Qc4 axb3+ 33. Kb1 b2 34.
Qxd5+ cxd5 35. Rcd1 Kf7 36. Kc2 Rab8 37. Rb1 Rc8+ 38. Kd2 Kf6 39. Rhe1 g5 40.
hxg5+ Kxg5 41. Rh1 Rb3 42. Rhe1 Kg4 43. Rh1 Kf3 0-1

[Event "MCR mladeze 2014, Open A"]
[Site "Kouty nad Desnou"]
[Date "2014.03.09"]
[Round "2"]
[White "Havlik, Jindrich"]
[Black "Liduch, Filip"]
[Result "1-0"]
[WhiteElo "2117"]
[BlackElo "1901"]
[PlyCount "71"]
[EventDate "2014.03.08"]

1. e4 e5 2. Nf3 Nc6 3. Bb5 Nf6 4. d3 Bc5 5. O-O d6 6. h3 h6 7. Nc3 O-O 8. Na4
Bb6 9. c3 Ne7 10. Nxb6 axb6 11. Re1 Ng6 12. d4 c6 13. Bf1 Re8 14. Qc2 Qc7 15.
b3 c5 16. dxe5 dxe5 17. Nd2 Be6 18. Nc4 Bxc4 19. Bxc4 Rad8 20. a4 Rd6 21. g3
Red8 22. Bb5 Qe7 23. Be3 Ne8 24. b4 cxb4 25. cxb4 Qe6 26. Kg2 Rc8 27. Qa2 Qxa2
28. Rxa2 Nc7 29. Rc2 Nf8 30. f4 f6 31. Rec1 Nxb5 32. Rxc8 Nd4 33. b5 Rd7 34.
fxe5 fxe5 35. Bxd4 exd4 36. Rf1 1-0

[Event "MCR mladeze 2014, Open A"]
[Site "Kouty nad Desnou"]
[Date "2014.03.09"]
[Round "2"]
[White "Haring, Filip"]
[Black "Haring, Viktor"]
[Result "1-0"]
[WhiteElo "1791"]
[BlackElo "2109"]
[PlyCount "69"]
[EventDate "2014.03.08"]

1. e4 c5 2. Nf3 Nc6 3. d4 cxd4 4. Nxd4 Nf6 5. Nc3 e5 6. Ndb5 d6 7. Bg5 a6 8.
Na3 b5 9. Nd5 Be7 10. Bxf6 Bxf6 11. c3 O-O 12. Be2 Bg5 13. O-O Kh8 14. Nc2 Be6
15. Nce3 Rb8 16. Qc2 Qd7 17. a4 Rfc8 18. Qd3 bxa4 19. Nc4 Rd8 20. Rfd1 Ne7 21.
Qg3 Bh6 22. Nb4 Qb5 23. b3 Bf4 24. Qf3 Qb7 25. Nxd6 Qb6 26. Nc4 Bxc4 27. bxc4
Rxd1+ 28. Bxd1 a5 29. Nd3 Qd6 30. Bxa4 Bd2 31. Rd1 Bxc3 32. Qxf7 Rd8 33. c5 Qd4
34. Qxe7 Rb8 35. Nxe5 1-0

[Event "MCR mladeze 2014, Open A"]
[Site "Kouty nad Desnou"]
[Date "2014.03.09"]
[Round "2"]
[White "Hrdina, Robin"]
[Black "Ferkova, Dominika"]
[Result "1-0"]
[WhiteElo "2076"]
[BlackElo "1590"]
[PlyCount "67"]
[EventDate "2014.03.08"]

1. e4 c6 2. d4 d5 3. Nc3 dxe4 4. Nxe4 Bf5 5. Ng3 Bg6 6. h4 h6 7. h5 Bh7 8. Nf3
Nf6 9. Bd3 e6 10. Bxh7 Nxh7 11. Qd3 Nf6 12. Bf4 Bd6 13. Ne5 Nd5 14. Bd2 Qc7 15.
f4 O-O 16. Ne4 Be7 17. O-O-O Nd7 18. g4 Nxe5 19. fxe5 Nb4 20. Bxb4 Bxb4 21. g5
Be7 22. gxh6 gxh6 23. Rhg1+ Kh8 24. Qg3 Rg8 25. Qf4 Bg5 26. Rxg5 hxg5 27. Qf6+
Kh7 28. Rg1 Qd8 29. Qxf7+ Rg7 30. Qxe6 Qxd4 31. Nxg5+ Kh8 32. Nf7+ Kg8 33.
Rxg7+ Kxg7 34. Qf6+ 1-0

[Event "MCR mladeze 2014, Open A"]
[Site "Kouty nad Desnou"]
[Date "2014.03.09"]
[Round "2"]
[White "Peterson, Eric"]
[Black "Luzikova, Nicola"]
[Result "1/2-1/2"]
[WhiteElo "2237"]
[BlackElo "1695"]
[PlyCount "104"]
[EventDate "2014.03.08"]

1. e4 d5 2. exd5 Nf6 3. Bb5+ Bd7 4. Bc4 Bg4 5. f3 Bc8 6. Nc3 Nbd7 7. d4 Nb6 8.
Qd3 Nfxd5 9. Nxd5 Nxd5 10. Bg5 c6 11. Ne2 Qa5+ 12. Bd2 Qb6 13. O-O-O g6 14. g4
Bg7 15. Qa3 Qc7 16. Rde1 b5 17. Bxd5 cxd5 18. Nc3 Be6 19. Nxb5 Qc6 20. Qa5 O-O
21. Be3 Rfc8 22. Nc3 Rab8 23. Rd1 Qb7 24. Qa3 Rc6 25. Na4 Ra6 26. Bf4 Rc8 27.
Qb3 Qc6 28. Nc5 Rb6 29. Qd3 Bd7 30. Rhe1 e6 31. Re2 Bf8 32. Kb1 Bxc5 33. dxc5
Qxc5 34. Be3 Bb5 35. Bxc5 Bxd3 36. cxd3 Rxc5 37. Rc2 Rxc2 38. Kxc2 Rc6+ 39. Kd2
h6 40. b4 Ra6 41. Ra1 Ra3 42. f4 d4 43. Ke2 Kg7 44. Kf3 Rxd3+ 45. Ke4 Rd2 46.
h4 Rh2 47. h5 gxh5 48. gxh5 Rxh5 49. Kxd4 Rh2 50. a4 Kf6 51. a5 Rf2 52. b5
Rxf4+ 1/2-1/2

[Event "MCR mladeze 2014, Open A"]
[Site "Kouty nad Desnou"]
[Date "2014.03.09"]
[Round "2"]
[White "Vaculik, Jakub"]
[Black "Kabelka, Ondrej"]
[Result "1-0"]
[WhiteElo "2026"]
[BlackElo "1673"]
[PlyCount "67"]
[EventDate "2014.03.08"]

1. d4 Nf6 2. Nf3 c5 3. c4 e6 4. Nc3 cxd4 5. Nxd4 Bb4 6. Qb3 Qa5 7. Bd2 Na6 8.
a3 Be7 9. e3 O-O 10. Be2 Qd8 11. Qc2 d5 12. cxd5 exd5 13. Bxa6 bxa6 14. Nc6 Qc7
15. Nxe7+ Qxe7 16. Ne2 Ng4 17. h3 Ne5 18. Bc3 a5 19. O-O Ba6 20. Rfd1 Bxe2 21.
Qxe2 Ng6 22. Rxd5 Rac8 23. Rxa5 Rfd8 24. Rd1 Nf4 25. Rxd8+ Rxd8 26. Qg4 Ne6 27.
Qa4 Ra8 28. Bd4 Nxd4 29. Qxd4 Qc7 30. Rc5 Qb6 31. Rd5 Qc7 32. Rd7 Qb8 33. Qd5
Qe8 34. Rxf7 1-0

[Event "MCR mladeze 2014, Open A"]
[Site "Kouty nad Desnou"]
[Date "2014.03.09"]
[Round "2"]
[White "Hlavac, Rudolf"]
[Black "Tuma, Jan"]
[Result "1-0"]
[WhiteElo "2000"]
[BlackElo "1835"]
[PlyCount "107"]
[EventDate "2014.03.08"]

1. e4 c5 2. Nf3 Nc6 3. d4 cxd4 4. Nxd4 Nf6 5. Nc3 e5 6. Ndb5 d6 7. Bg5 a6 8.
Na3 b5 9. Nd5 Be7 10. Nxe7 Nxe7 11. Bxf6 gxf6 12. c4 Qa5+ 13. Qd2 Qxd2+ 14.
Kxd2 b4 15. Nc2 Rb8 16. b3 f5 17. exf5 Bxf5 18. Bd3 e4 19. Be2 Rg8 20. g3 Rg6
21. Nd4 Be6 22. Ke3 d5 23. Rhc1 dxc4 24. Bxc4 Bxc4 25. Rxc4 f5 26. Rc5 Rf6 27.
Rac1 Kd7 28. Rc7+ Kd6 29. Rxe7 Kxe7 30. Nc6+ Rxc6 31. Rxc6 Rd8 32. Rxa6 Rd3+
33. Ke2 Rc3 34. Ra7+ Kf6 35. Rxh7 Rc2+ 36. Ke3 Rxa2 37. Rb7 Rc2 38. Rxb4 Kg5
39. h3 Rc3+ 40. Kd2 Rd3+ 41. Ke2 Rc3 42. Rb8 Rc2+ 43. Ke1 Rc1+ 44. Kd2 Rh1 45.
Rg8+ Kf6 46. h4 Rb1 47. Rb8 Kg6 48. Rb5 Kf6 49. f3 Rg1 50. fxe4 Rg2+ 51. Ke3
fxe4 52. Kxe4 Rxg3 53. h5 Rg4+ 54. Kd5 1-0

[Event "MCR mladeze 2014, Open A"]
[Site "Kouty nad Desnou"]
[Date "2014.03.09"]
[Round "2"]
[White "Macek, Oldrich"]
[Black "Machalik, Marek"]
[Result "1/2-1/2"]
[WhiteElo "1672"]
[BlackElo "1949"]
[PlyCount "115"]
[EventDate "2014.03.08"]

1. c4 c6 2. Nf3 d5 3. e3 Nf6 4. Nc3 e6 5. d4 Nbd7 6. cxd5 exd5 7. Bd3 Bd6 8.
O-O O-O 9. Qc2 Re8 10. e4 dxe4 11. Bxe4 Nxe4 12. Nxe4 Be7 13. Bf4 Nf6 14. Nxf6+
Bxf6 15. Rfe1 Be6 16. Be5 Bd5 17. Qf5 Bxe5 18. dxe5 Bxf3 19. Qxf3 Qa5 20. Qb3
Qc7 21. e6 fxe6 22. Rxe6 Rxe6 23. Qxe6+ Qf7 24. Qxf7+ Kxf7 25. Kf1 Rd8 26. Ke2
Ke6 27. Re1 Rd5 28. Kf3+ Re5 29. Rd1 Ra5 30. a3 Rb5 31. Rd2 Rd5 32. Re2+ Re5
33. Rd2 Rd5 34. Re2+ Kf5 35. Re7 Rd3+ 36. Re3 Rd2 37. b4 Kf6 38. Re2 Rxe2 39.
Kxe2 Ke5 40. Kd3 Kd5 41. h4 c5 42. bxc5 Kxc5 43. g4 b5 44. Kc3 a5 45. f4 b4+
46. axb4+ axb4+ 47. Kb3 Kd4 48. f5 Ke4 49. h5 Ke5 50. h6 gxh6 51. Kxb4 h5 52.
gxh5 Kxf5 53. Kc3 Kg5 54. h6 Kxh6 55. Kd3 Kg5 56. Ke3 Kg4 57. Kf2 Kh3 58. Kg1
1/2-1/2

[Event "MCR mladeze 2014, Open A"]
[Site "Kouty nad Desnou"]
[Date "2014.03.09"]
[Round "2"]
[White "Korsa, Jiri"]
[Black "Sabolova, Kristyna"]
[Result "0-1"]
[WhiteElo "1716"]
[BlackElo "1861"]
[PlyCount "70"]
[EventDate "2014.03.08"]

1. e4 c6 2. Nc3 d5 3. Nf3 dxe4 4. Nxe4 Bf5 5. Ng3 Bg6 6. Ne5 Nd7 7. Nxg6 hxg6
8. d4 Ngf6 9. Bd3 e6 10. Qf3 Qb6 11. c3 c5 12. dxc5 Nxc5 13. Bc2 a5 14. O-O Bd6
15. b3 O-O 16. Be3 Qc7 17. Rfd1 Rfd8 18. Rac1 Nd5 19. Bd4 Bf4 20. Rb1 Rac8 21.
Bxc5 Bxg3 22. hxg3 Qxc5 23. c4 Nb4 24. Rxd8+ Rxd8 25. Rd1 Rxd1+ 26. Bxd1 Qd4
27. a3 Nc6 28. Kh2 Qd6 29. b4 axb4 30. axb4 Qxb4 31. Qb3 Qxb3 32. Bxb3 Na5 33.
Ba2 Kf8 34. c5 Ke7 35. Bb1 Nb3 0-1

[Event "MCR mladeze 2014, Open A"]
[Site "Kouty nad Desnou"]
[Date "2014.03.09"]
[Round "2"]
[White "Kotyk, Vaclav"]
[Black "Zuziak, Petr"]
[Result "1-0"]
[WhiteElo "1851"]
[BlackElo "1726"]
[PlyCount "79"]
[EventDate "2014.03.08"]

1. e4 Nc6 2. d4 d5 3. e5 Bf5 4. c3 e6 5. Be2 Nge7 6. Nd2 Bg6 7. h4 h5 8. Nh3
Nf5 9. g3 Qd7 10. Nf4 Bh7 11. Bxh5 Nfxd4 12. cxd4 Nxd4 13. Nf3 Nc2+ 14. Kf1
Nxa1 15. Ng5 g6 16. Be2 Qc6 17. Bd3 Be7 18. Bd2 Bg8 19. Nxg6 fxg6 20. Bxg6+ Kd7
21. Qxa1 Rf8 22. Qc1 Qa6+ 23. Kg2 Qxa2 24. h5 Qb3 25. Qc3 Qxc3 26. bxc3 Bxg5
27. Bxg5 Bf7 28. Bxf7 Rxf7 29. Bf6 Rhh7 30. g4 Rf8 31. g5 Rg8 32. f4 c5 33. Kf3
b5 34. Kg4 Ke8 35. h6 Kf7 36. Kh5 Rhh8 37. Bxh8 Rxh8 38. g6+ Ke7 39. g7 Re8 40.
Kg6 1-0

[Event "MCR mladeze 2014, Open A"]
[Site "Kouty nad Desnou"]
[Date "2014.03.09"]
[Round "2"]
[White "Zilavy, Jan"]
[Black "Brozova, Renata"]
[Result "0-1"]
[WhiteElo "1816"]
[BlackElo "1712"]
[PlyCount "68"]
[EventDate "2014.03.08"]

1. e4 c6 2. c4 d5 3. cxd5 cxd5 4. exd5 Qxd5 5. Nc3 Qd8 6. Nf3 Nf6 7. d4 e6 8.
Bf4 a6 9. Rc1 Bd6 10. Ne5 O-O 11. Qf3 Nbd7 12. Nxf7 Rxf7 13. Bxd6 Qb6 14. Ba3
Qxd4 15. Qd3 Qf4 16. Ne2 Qg5 17. Qd6 Ne4 18. f4 Qf6 19. Qd3 Qg6 20. g3 b5 21.
Rc7 Nef6 22. Qxg6 hxg6 23. Bh3 Nb6 24. Rc6 Nbd5 25. Bc5 Ne4 26. Bd4 Nb4 27.
Rxe6 Nd3+ 28. Kf1 Nd2+ 29. Kg1 Bxe6 30. Bxe6 Re8 31. Bxf7+ Kxf7 32. Nc3 Nf3+
33. Kg2 Nxd4 34. Rd1 Re3 0-1

[Event "MCR mladeze 2014, Open A"]
[Site "Kouty nad Desnou"]
[Date "2014.03.09"]
[Round "2"]
[White "Bobek, Daniel"]
[Black "Bocek, Tadeas"]
[Result "1/2-1/2"]
[WhiteElo "1707"]
[BlackElo "1811"]
[PlyCount "70"]
[EventDate "2014.03.08"]

1. e4 c5 2. Nf3 Nc6 3. d4 cxd4 4. Nxd4 g6 5. Nc3 Bg7 6. Be3 Nf6 7. f3 O-O 8.
Qd2 d5 9. exd5 Nxd5 10. Nxd5 Qxd5 11. Nxc6 bxc6 12. Qxd5 cxd5 13. O-O-O e6 14.
c3 a5 15. Bb5 Ba6 16. Bxa6 Rxa6 17. h4 Rc6 18. h5 Rb8 19. hxg6 hxg6 20. Bh6 Bf6
21. Be3 Rc7 22. Kc2 Rcb7 23. Bc1 Rc8 24. Be3 a4 25. a3 Rb3 26. Rd3 Rb5 27. f4
Rc4 28. Bd4 Kg7 29. g4 Bxd4 30. Rxd4 Rxd4 31. cxd4 Rb3 32. g5 f6 33. Rf1 Rg3
34. Rf2 Kf7 35. Kd2 Ke7 1/2-1/2

[Event "MCR mladeze 2014, Open A"]
[Site "Kouty nad Desnou"]
[Date "2014.03.09"]
[Round "2"]
[White "Sosovicka, Jakub"]
[Black "Strakos, Tomas"]
[Result "1-0"]
[WhiteElo "1677"]
[BlackElo "1789"]
[PlyCount "77"]
[EventDate "2014.03.08"]

1. e4 c5 2. Nf3 Nc6 3. d4 cxd4 4. Nxd4 e6 5. Nc3 Qc7 6. Be2 a6 7. Be3 Bb4 8. f4
Nf6 9. Bf3 d6 10. O-O Nxd4 11. Qxd4 Bc5 12. Qd2 Rb8 13. Rad1 O-O 14. Qf2 Bxe3
15. Qxe3 b5 16. e5 Ne8 17. Kh1 d5 18. b4 f5 19. a3 Qb6 20. Qd3 Bd7 21. Ne2 Qc6
22. Nd4 Qc4 23. Be2 Qc8 24. Nb3 Nc7 25. Nc5 Be8 26. Qd4 g6 27. Rd3 Rf7 28. Rc3
Qd8 29. Bf3 Qe7 30. Rd1 Kg7 31. Nb3 Qd7 32. Rdd3 Na8 33. Nc5 Qc6 34. Ne4 dxe4
35. Rxc6 Bxc6 36. Rc3 Rd7 37. Qg1 exf3 38. Rxc6 fxg2+ 39. Kxg2 1-0

[Event "MCR mladeze 2014, Open A"]
[Site "Kouty nad Desnou"]
[Date "2014.03.09"]
[Round "2"]
[White "Skorepa, Tomas"]
[Black "Dumkova, Daniela"]
[Result "1-0"]
[WhiteElo "1783"]
[BlackElo "1645"]
[PlyCount "159"]
[EventDate "2014.03.08"]

1. e4 c5 2. Nf3 d6 3. d4 cxd4 4. Nxd4 Nf6 5. Nc3 Nc6 6. Bg5 e6 7. Qd2 a6 8.
O-O-O Be7 9. f4 Qc7 10. Nf3 h6 11. Bh4 b5 12. Bxf6 gxf6 13. Kb1 Rb8 14. g3 Bd7
15. Bh3 b4 16. Ne2 a5 17. f5 e5 18. Nh4 a4 19. Ng2 Na5 20. Ne3 Nc4 21. Qd3 Nxe3
22. Qxe3 Bc6 23. Bg2 Qb6 24. Qxb6 Rxb6 25. Rd2 Kd7 26. g4 h5 27. gxh5 Rxh5 28.
h4 Bf8 29. Bf3 Rh8 30. c3 Bh6 31. Rdd1 Rhb8 32. Rh2 Bb5 33. cxb4 Bxe2 34. Rxe2
Rxb4 35. Rd3 Rc8 36. Rc2 Rbc4 37. Rdc3 Rxc3 38. Rxc3 Rxc3 39. bxc3 a3 40. Kc2
Kc6 41. Kb3 Bc1 42. Kc2 Bh6 43. c4 Kc5 44. Kc3 Bf4 45. Bd1 Bg3 46. h5 Bf4 47.
Ba4 Bg5 48. Be8 Bf4 49. Bxf7 Bg5 50. Bd5 Be3 51. Kb3 Bc1 52. Ka4 Kb6 53. Kb4
Kc7 54. Be6 Kc6 55. Ka4 Kb6 56. Kb4 Kc6 57. Bd5+ Kb6 58. Bf7 Kc6 59. Be8+ Kb6
60. Bb5 Kc7 61. h6 Bxh6 62. Kxa3 Bd2 63. Kb3 Kb6 64. Be8 Be1 65. Kc2 Kc5 66.
Kd3 Kb4 67. Bf7 Bf2 68. Ke2 Bh4 69. Kf3 Bg5 70. Kg4 Kc5 71. Bd5 Kb6 72. Kh5 Kc7
73. Kg6 Kb6 74. Kf7 Bh4 75. Ke6 Kc5 76. a4 Bg5 77. a5 Bh6 78. a6 Kb6 79. Kxd6
Kxa6 80. c5 1-0

[Event "MCR mladeze 2014, Open A"]
[Site "Kouty nad Desnou"]
[Date "2014.03.09"]
[Round "2"]
[White "Miklasova, Emma"]
[Black "Bartos, Vaclav"]
[Result "0-1"]
[WhiteElo "1590"]
[BlackElo "1746"]
[PlyCount "39"]
[EventDate "2014.03.08"]

1. d4 d6 2. e4 Nf6 3. Nc3 g6 4. Bc4 Bg7 5. Nge2 O-O 6. O-O Nbd7 7. f4 c5 8. e5
Ne8 9. e6 fxe6 10. Bxe6+ Kh8 11. Be3 cxd4 12. Bxd4 Ndf6 13. Bb3 Nc7 14. Ng3 Ne6
15. Be3 Qa5 16. f5 Nc5 17. fxg6 hxg6 18. Qd2 Nxb3 19. axb3 Qd8 20. Bh6 {
necitelny zapis} 0-1

[Event "MCR mladeze 2014, Open A"]
[Site "Kouty nad Desnou"]
[Date "2014.03.10"]
[Round "3"]
[White "Hrdina, Robin"]
[Black "Kislinsky, Alexey"]
[Result "0-1"]
[WhiteElo "2076"]
[BlackElo "2500"]
[PlyCount "90"]
[EventDate "2014.??.??"]

1. e4 c5 2. Nf3 Nc6 3. d4 cxd4 4. Nxd4 g6 5. c4 Bg7 6. Be3 Qb6 7. Nb3 Qb4+ 8.
Bd2 Qd6 9. Nc3 a5 10. Rb1 a4 11. Nc1 Nf6 12. Be2 O-O 13. O-O Qb8 14. Be3 d6 15.
f3 a3 16. b3 Ng4 17. fxg4 Bxc3 18. g5 Bg7 19. Bg4 Bxg4 20. Qxg4 b5 21. Nd3 bxc4
22. bxc4 Qc8 23. Qxc8 Rfxc8 24. c5 Ra4 25. cxd6 exd6 26. Rb7 Ne5 27. Nxe5 Bxe5
28. Rc1 Rxc1+ 29. Bxc1 Rxe4 30. Bxa3 Re1+ 31. Kf2 Ra1 32. Rb3 Rxa2+ 33. Kf3 Kf8
34. h4 Ke7 35. g3 Ke6 36. Bb4 Rb2 37. Rxb2 Bxb2 38. Bd2 Kd5 39. Ke3 Kc4 40. Ke4
d5+ 41. Ke3 Be5 42. g4 Bc3 43. Bc1 d4+ 44. Ke2 d3+ 45. Kd1 Kd4 0-1

[Event "MCR mladeze 2014, Open A"]
[Site "Kouty nad Desnou"]
[Date "2014.03.10"]
[Round "3"]
[White "Vanka, Miloslav"]
[Black "Vecera, Petr"]
[Result "0-1"]
[WhiteElo "2145"]
[BlackElo "2068"]
[PlyCount "88"]
[EventDate "2014.??.??"]

1. Nf3 Nf6 2. d4 e6 3. Bg5 b6 4. e3 Be7 5. Bd3 Bb7 6. Nbd2 O-O 7. c3 d6 8. Bxf6
Bxf6 9. Qc2 h6 10. g4 Nd7 11. h4 Be7 12. O-O-O c5 13. h5 cxd4 14. exd4 Bg5 15.
Nxg5 Bxh1 16. Bh7+ Kh8 17. Bg8 Be4 18. Qxe4 Nf6 19. Qd3 hxg5 20. Bxf7 Rxf7 21.
Qg6 Qe7 22. Re1 Re8 23. Rh1 Nxg4 24. Ne4 Rf5 25. Nxd6 Qxd6 26. Qxe8+ Rf8 27.
Qg6 Qf4+ 28. Kc2 Qxf2+ 29. Kb3 Qf5 30. Re1 Qxg6 31. hxg6 Re8 32. Rg1 Nf6 33.
Rxg5 Kg8 34. a4 Rd8 35. a5 Rd5 36. Rxd5 Nxd5 37. Ka4 Nc7 38. c4 Kf8 39. b4 bxa5
40. Kxa5 Ke7 41. b5 Kd7 42. c5 Kc8 43. c6 Nxb5 44. Kxb5 Kc7 0-1

[Event "MCR mladeze 2014, Open A"]
[Site "Kouty nad Desnou"]
[Date "2014.03.10"]
[Round "3"]
[White "Haring, Filip"]
[Black "Horak, Jiri"]
[Result "1/2-1/2"]
[WhiteElo "1791"]
[BlackElo "2150"]
[PlyCount "114"]
[EventDate "2014.??.??"]

1. e4 e6 2. d3 d5 3. Nd2 Nf6 4. Ngf3 b6 5. c3 Ba6 6. Be2 Be7 7. O-O O-O 8. Re1
c5 9. Qc2 Nc6 10. Nf1 Rc8 11. h3 c4 12. dxc4 dxe4 13. N3d2 Ne5 14. Nxe4 Bxc4
15. Bxc4 Nxc4 16. Bf4 Nd5 17. Rad1 Qe8 18. Bg3 Qc6 19. Qe2 f5 20. Nd6 Bxd6 21.
Qxe6+ Kh8 22. Bxd6 Nxd6 23. Qxd5 Ne4 24. Qxc6 Rxc6 25. f3 Nc5 26. Re2 Kg8 27.
Re7 a5 28. Ne3 g6 29. b3 Rf7 30. Re8+ Kg7 31. c4 Nd7 32. Nd5 Nf6 33. Nxf6 Kxf6
34. Kf2 a4 35. Ree1 Ra7 36. Ra1 Rd6 37. Red1 Re6 38. Re1 Rd6 39. Rad1 Rxd1 40.
Rxd1 axb3 41. axb3 Ke5 42. Ke3 f4+ 43. Kf2 Ra2+ 44. Kf1 Ra5 45. Rd7 h5 46. b4
Ra1+ 47. Kf2 Rc1 48. Rd5+ Ke6 49. Rg5 Kf6 50. Rb5 Rxc4 51. Rxb6+ Kg5 52. b5
Rc2+ 53. Kg1 Rb2 54. Kh2 Rb1 55. Rb8 Kh4 56. b6 g5 57. Rb7 Rb5 1/2-1/2

[Event "MCR mladeze 2014, Open A"]
[Site "Kouty nad Desnou"]
[Date "2014.03.10"]
[Round "3"]
[White "Moravec, Vit"]
[Black "Vaculik, Jakub"]
[Result "1-0"]
[WhiteElo "2179"]
[BlackElo "2026"]
[PlyCount "81"]
[EventDate "2014.??.??"]

1. e4 e6 2. Nf3 d5 3. e5 c5 4. b4 b6 5. c3 Qc7 6. a3 a5 7. b5 c4 8. d4 cxd3 9.
Bxd3 Nd7 10. Qe2 Bc5 11. O-O Ne7 12. Re1 Bb7 13. Nbd2 h6 14. Nb3 g5 15. a4
O-O-O 16. Nfd4 Rdg8 17. Bb2 h5 18. Rac1 Kb8 19. Nd2 g4 20. f4 gxf3 21. N2xf3 h4
22. h3 Rg3 23. Kh1 Ng6 24. Bxg6 Rxg6 25. Rc2 Nf8 26. Bc1 Be7 27. Bf4 Nd7 28.
Nc6+ Bxc6 29. bxc6 Nc5 30. Qb5 Ka7 31. Rd1 Rc8 32. Nd4 Bg5 33. Bh2 Be3 34. Re1
Bxd4 35. cxd4 Ne4 36. Rf1 Rg7 37. Rf4 Qe7 38. Rb2 Rb8 39. Rxe4 dxe4 40. d5 Qc5
41. d6 1-0

[Event "MCR mladeze 2014, Open A"]
[Site "Kouty nad Desnou"]
[Date "2014.03.10"]
[Round "3"]
[White "Malinovsky, Petr"]
[Black "Simunek, Filip"]
[Result "1/2-1/2"]
[WhiteElo "2008"]
[BlackElo "2176"]
[PlyCount "204"]
[EventDate "2014.??.??"]

1. d4 f5 2. c4 Nf6 3. Nc3 g6 4. f3 Bg7 5. e4 fxe4 6. fxe4 d6 7. Be2 O-O 8. Nf3
Nh5 9. O-O Nf4 10. Be3 Nc6 11. Qd2 Nxe2+ 12. Nxe2 Bg4 13. Bh6 Bxf3 14. Bxg7
Kxg7 15. Rxf3 Rxf3 16. gxf3 e5 17. d5 Ne7 18. f4 Ng8 19. fxe5 dxe5 20. Rf1 Qh4
21. Ng3 Nf6 22. Qf2 Qg5 23. h4 Qf4 24. Qxf4 exf4 25. Rxf4 Re8 26. Kf2 h6 27.
Ke3 b5 28. Kd4 g5 29. hxg5 hxg5 30. Rf1 bxc4 31. Rc1 Rh8 32. Rxc4 Ne8 33. Rc2
Rh3 34. Nf5+ Kg6 35. Rc6+ Kf7 36. Rc2 Kf6 37. Rf2 Kg6 38. e5 g4 39. d6 cxd6 40.
exd6 Nf6 41. Ne7+ Kg7 42. Rg2 Rh1 43. Nf5+ Kf7 44. Ne3 Ke6 45. Kd3 Rh3 46. Kd2
g3 47. Nf1 Kxd6 48. Ke3 Ng4+ 49. Kf4 Rh2 50. Rxg3 Rf2+ 51. Kxg4 Rxf1 52. Rf3
Re1 53. Kf4 Re2 54. Rb3 Kc6 55. Kf3 Re1 56. Re3 Rb1 57. Re2 Kb6 58. Ke3 Ra1 59.
a3 Rh1 60. Kd3 Rh3+ 61. Kc2 Rh6 62. Re3 Rg6 63. Rb3+ Ka6 64. Rb4 Rg2+ 65. Kb3
Rg3+ 66. Ka4 Rg8 67. Rh4 Rg7 68. Rh6+ Kb7 69. Rh4 Ka6 70. Kb4 Rb7+ 71. Kc3 Rc7+
72. Rc4 Rd7 73. b4 Rh7 74. Rc6+ Kb5 75. Rc5+ Kb6 76. Rd5 Rc7+ 77. Kb3 Rh7 78.
a4 Rh3+ 79. Kc4 Rh1 80. Rd6+ Kc7 81. Rd4 Rh5 82. Rd5 Rh6 83. Kb5 Rb6+ 84. Ka5
Rg6 85. Rh5 Kb7 86. Rh7+ Kb8 87. Rd7 Rf6 88. Kb5 Rb6+ 89. Kc5 Rh6 90. Rd6 Rh1
91. a5 Rc1+ 92. Kb5 Rc8 93. Ka6 Rg8 94. Rh6 Rf8 95. b5 Re8 96. Rh7 Re6+ 97. b6
axb6 98. axb6 Re8 99. Rh6 Rg8 100. Kb5 Rg1 101. Rh4 Rb1+ 102. Kc5 Rc1+ 1/2-1/2

[Event "MCR mladeze 2014, Open A"]
[Site "Kouty nad Desnou"]
[Date "2014.03.10"]
[Round "3"]
[White "Pycha, Patrik"]
[Black "Horak, Jiri"]
[Result "0-1"]
[WhiteElo "1997"]
[BlackElo "2150"]
[PlyCount "92"]
[EventDate "2014.??.??"]

1. e4 e5 2. Nf3 Nc6 3. Bb5 a6 4. Bxc6 dxc6 5. O-O f6 6. d4 exd4 7. Nxd4 c5 8.
Ne2 Bg4 9. f3 Be6 10. Nbc3 Bd6 11. Bf4 Ne7 12. Bxd6 Qxd6 13. Qxd6 cxd6 14. Nf4
Bf7 15. Rfd1 O-O-O 16. Nfd5 Bxd5 17. Nxd5 Nxd5 18. Rxd5 Rhe8 19. Rad1 Kc7 20.
a4 Re5 21. R5d3 f5 22. exf5 Rxf5 23. c4 Kc6 24. Rd5 Rxd5 25. Rxd5 b5 26. axb5+
axb5 27. b3 bxc4 28. bxc4 Rb8 29. Rf5 Rb4 30. Rf7 Rxc4 31. Rxg7 Rh4 32. g3 Rh6
33. h4 c4 34. Kf2 Kc5 35. Ke3 Re6+ 36. Kd2 h6 37. f4 Kd4 38. f5 c3+ 39. Kd1 Re3
40. Rd7 d5 41. Kc2 Rxg3 42. f6 Rg2+ 43. Kb3 Rb2+ 44. Ka3 Rb8 45. Rg7 c2 46. Rg1
Rb1 0-1

[Event "MCR mladeze 2014, Open A"]
[Site "Kouty nad Desnou"]
[Date "2014.03.10"]
[Round "3"]
[White "Richterova, Natasa"]
[Black "Hlavac, Rudolf"]
[Result "0-1"]
[WhiteElo "2036"]
[BlackElo "2000"]
[PlyCount "166"]
[EventDate "2014.03.08"]

1. e4 c5 2. Nf3 Nc6 3. Bb5 g6 4. Bxc6 dxc6 5. d3 Bg7 6. h3 e5 7. Be3 Qe7 8. Nc3
Nf6 9. Qd2 O-O 10. Bh6 a5 11. Bxg7 Kxg7 12. O-O-O a4 13. g4 b5 14. Ne2 b4 15.
Ng3 Ne8 16. Rdg1 Nd6 17. Nf5+ Bxf5 18. gxf5 c4 19. Qxb4 cxd3 20. cxd3 Nxf5 21.
Qxe7 Nxe7 22. Nxe5 Rfd8 23. Rd1 c5 24. h4 f6 25. Nc4 Nc6 26. a3 Nd4 27. Kd2 Ra7
28. f4 Rad7 29. Ke3 Nc2+ 30. Ke2 Nd4+ 31. Kf2 Ne6 32. Ke3 Nd4 33. Rh2 Re7 34.
Nb6 Ra7 35. Rc1 Ra6 36. Nd5 Nb3 37. Rc4 Re6 38. Kf2 Ra6 39. Rh3 Rb8 40. Ke3 Ra7
41. Nc3 Rba8 42. Nb5 Rd7 43. Nc3 Rda7 44. Rh1 Ra5 45. Rg1 Kf7 46. Rf1 Kg7 47.
f5 R5a6 48. fxg6 hxg6 49. Nd5 Rh8 50. Rh1 Rd8 51. Nc3 Rda8 52. Nb5 Rc8 53. Nc3
Rca8 54. Nd5 Rd8 55. Rg1 Rh8 56. Rh1 Rd8 57. Nf4 Kh6 58. h5 g5 59. Ne2 Rad6 60.
Rc3 Rb6 61. Ng3 Nd4 62. Rh2 Ne6 63. Nf5+ Kh7 64. Ne7 Nf4 65. Rd2 Re6 66. Nf5
Nd5+ 67. Kf3 Nxc3 68. bxc3 Rb8 69. Ne3 Rb3 70. Nc4 Rxc3 71. Ke3 Kh6 72. Rh2 f5
73. Kd2 Rxc4 74. dxc4 Rxe4 75. Kd3 Rd4+ 76. Kc3 g4 77. Rh1 f4 78. Re1 g3 79.
Re6+ Kxh5 80. Re5+ Kg4 81. Rxc5 Rd8 82. Rc7 g2 83. c5 Kf3 0-1

[Event "MCR mladeze 2014, Open A"]
[Site "Kouty nad Desnou"]
[Date "2014.03.10"]
[Round "3"]
[White "Vojta, Tomas"]
[Black "Melichar, Vojtech"]
[Result "1-0"]
[WhiteElo "2343"]
[BlackElo "1952"]
[PlyCount "87"]
[EventDate "2014.03.08"]

1. d4 Nf6 2. Nf3 g6 3. c3 Bg7 4. Bf4 d6 5. Nbd2 Nbd7 6. h3 O-O 7. e3 Qe8 8. Bh2
e5 9. dxe5 Nxe5 10. Nxe5 dxe5 11. Bc4 Bd7 12. O-O Rd8 13. Qe2 c5 14. Bb3 Bb5
15. c4 Bc6 16. Rad1 Qe6 17. Nb1 Ne4 18. f3 Nd6 19. e4 Qc8 20. Nc3 a6 21. Nd5
Bxd5 22. Rxd5 f6 23. Bg3 Nf7 24. Rfd1 Ng5 25. Ba4 Qc7 26. Bd7 Kh8 27. a3 Nf7
28. Bf2 b6 29. b4 cxb4 30. axb4 a5 31. c5 bxc5 32. bxc5 Rb8 33. Bb5 Nd8 34. c6
Ne6 35. Rd7 Qc8 36. Qc4 Nc7 37. Rxc7 Qxc7 38. Rd7 Qc8 39. c7 Ra8 40. Bb6 Bh6
41. Qe6 Qb7 42. Qe7 Qxb6+ 43. Kh1 Qxb5 44. Qxh7# 1-0